| 000 | 00753nam a2200277Ia 4500 | ||
|---|---|---|---|
| 008 | 181129s9999 xx 000 0 und d | ||
| 020 | _a9780439101363 | ||
| 050 | _bA355 2000 | ||
| 100 | _aAlcott, Louisa May | ||
| 245 | 0 | _aLittle women / | |
| 245 | 0 | _cby Louisa May Alcott ; with an introduction by Paula Danziger. | |
| 260 | _aNew York, NY : | ||
| 260 | _bScholastic, | ||
| 260 | _c2000 | ||
| 300 | _a562 pages : | ||
| 300 | _billustrations ; | ||
| 300 | _c17cm. | ||
| 650 | _aCultural competence. | ||
| 650 | _aMinorities, Education. | ||
| 650 | _aMulticultural education. | ||
| 650 | _aTeachers -- | ||
| 650 | _aUnited States. | ||
| 650 | _xTraining of -- Social aspects. | ||
| 700 | _aDanziger, Paula. | ||
| 700 | _aTitle. | ||
| 999 |
_c360323 _d360323 |
||